State of the nation 2007 (Record no. 58223)

MARC details
000 -LEADER
fixed length control field 00477nam a2200145 a 4500
008 - FIXED-LENGTH DATA ELEMENTS--GENERAL INFORMATION
fixed length control field 081105s2007 xx |||||||||||||| || u
050 ## - LIBRARY OF CONGRESS CALL NUMBER
Classification number On order
110 ## - MAIN ENTRY--CORPORATE NAME
Corporate name or jurisdiction name as entry element Caritas Zambia
245 10 - TITLE STATEMENT
Title State of the nation 2007
260 ## - PUBLICATION, DISTRIBUTION, ETC.
Place of publication, distribution, etc.
Name of publisher, distributor, etc. Caritas Zambia
Date of publication, distribution, etc. 2007
300 ## - PHYSICAL DESCRIPTION
Extent CARITAS(058)SN
350 ## - PRICE (NR) (BK AM CF MU VM SE) [OBSOLETE]
Price 0.00
500 ## - GENERAL NOTE
General note CARITAS(058)SN/07
995 ## - RECOMMENDATION 995 [LOCAL, UNIMARC FRANCE]
-- CBU-MAIN LIBRARY (Kitwe)
-- 0.00
-- AVAILABLE
-- Apr 3, 2017
-- Zambiana Collection
Holdings
Withdrawn status Lost status Source of classification or shelving scheme Damaged status Not for loan Home library Current library Shelving location Date acquired Total Checkouts Full call number Barcode Date last seen Price effective from Koha item type
          CBU-MAIN LIBRARY, KITWE. CBU-MAIN LIBRARY, KITWE.   11/30/2022   On order B3300 11/30/2022 11/30/2022 MONOGRAPH